• 首页
  • 本馆介绍
  • 公告通知
  • 最新文献
  • 馆藏检索
  • 电子资源
  • 读者导购
  • 参考咨询
  • 我的图书馆
  • 登录
  • 详细信息显示
  • 放入我的书架
  • 预约/预借图书
  • 作者相关作品
  • 分类相关作品
  • 丛书相关作品
  • 出版社相关作品

书目信息

  • 表格格式
  • 工作单格式
  • 卡片格式
题名:
人寿保险代理人市场行为规范
    
 
作者: ;王珺 译 ;迪尔伯恩金融服务公司 主编
分册:  
出版信息: 北京   中国人民大学出版社  2005
页数: 160页
开本: 23cm
丛书名: 金融学译丛
单 册:
中图分类: F840.62
科图分类:
主题词: 人寿保险 , 人寿保险--代理(经济)--职业道德
电子资源:
ISBN: 7-300-06877-4
000 01381nam0 2200301 450
000 01394nam0 2200301 450
000 01324nam0 2200277 450
000 01288oam2 2200265 45
005 20070725164018.21
010    @a7-300-06877-4@dCNY20.00
100    @a20070719d2005 em y0chiy0120 ea
101 1  @achi@ceng
102    @aCN@b110000
105    @ay z 000yy
200 1  @a人寿保险代理人市场行为规范@ARen Shou Bao Xian Dai Li Ren Shi Chang Xing Wei Gui Fan@dMarket conduct for life insurance agents@f迪尔伯恩金融服务公司(Dearborn Financial Service)主编@FDi Er Bo En Jin Rong Fu Wu Gong Si (Dearborn Financial Service) Zhu Bian@g王珺译@zeng
210    @a北京@c中国人民大学出版社@d2005
215    @a160页@d23cm
225 2  @a金融学译丛
330    @a市场行为规范是伦理道德和各种规定的结合,它是指保险公司和代理人怎样规范自己的行为以符合伦理道德标准,遵守监管保单销售、保单承保、保单签发、服务的相关法律和规定。本书的目的就在于识别和讨论这一过程中常常出现的市场行为规范问题以及解决这些问题的方法。
410  0 @12001 @a金融学译丛
510 1  @aMarket conduct for life insurance agents@zeng
606 0  @a人寿保险
606 0  @a人寿保险@x代理(经济)@x职业道德
690    @aF840.62@v4
702  0 @a王珺@AWang珺@c(风险管理)@4译
711 01 @a迪尔伯恩金融服务公司@ADi Er Bo En Jin Rong Fu Wu Gong Si@4主编
801  0 @aCN@bTAOJIN@c20070725
905    @a10447@dF840.62@e50
    
    人寿保险代理人市场行为规范=Market conduct for life insurance agents/迪尔伯恩金融服务公司(Dearborn Financial Service)主编/王珺译.-北京:中国人民大学出版社,2005
    160页;23cm.-(金融学译丛)
    
    
    ISBN 7-300-06877-4:CNY20.00
    市场行为规范是伦理道德和各种规定的结合,它是指保险公司和代理人怎样规范自己的行为以符合伦理道德标准,遵守监管保单销售、保单承保、保单签发、服务的相关法律和规定。本书的目的就在于识别和讨论这一过程中常常出现的市场行为规范问题以及解决这些问题的方法。
●
相关链接 在E读中查询图书 在五车中查询图书 在当当中查询图书 在豆瓣中查询图书


正题名:人寿保险代理人市场行为规范     索取号:F840.62/50         预约/预借

序号 登录号 条形码 馆藏地/架位号 状态 备注
1 0826211   208262119   第一样本阅览室/ [索取号:F840.62/50] 在馆    
2 0826212   208262128   第一借阅区/ [索取号:F840.62/50] 在馆    
3 0826213   208262137   第一借阅区/ [索取号:F840.62/50] 在馆    
4 0826214   208262146   第一借阅区/ [索取号:F840.62/50] 在馆    
5 0826215   208262155   第一借阅区/ [索取号:F840.62/50] 在馆    
6 0826216   208262164   第一借阅区/ [索取号:F840.62/50] 在馆    
7 0826217   208262173   第一借阅区/ [索取号:F840.62/50] 在馆    
8 0826218   208262182   第一借阅区/ [索取号:F840.62/50] 在馆    
唐山师范学院图书馆 欢迎您!
大连网信软件有限公司© 版权所有